000 01005nam a2200301 i 4500
999 _c65185
_d65185
001 768714001
003 CO-MdFUSB
005 20190904120006.0
008 190904t1992 ck d|||| |||| 00| 0 spa d
020 _a[No incluye ISBN]
040 _aCO-MdFUSB
_bspa
_cCO-MdFUSB
_dCO-MdFUSBC
_erda
041 _aspa
082 _223
_a251
_bB395
100 _aBecker, Norbert V.
_eautor
245 _aHomilética : el arte de preparar y predicar sermones.
_c/ Norber V. Becker.
250 _aTercera edición (revisada)
264 _aBogotá, Colombia :
_bSELITE,
_c[1992]
264 _c© 1992
300 _a127 páginas
_c; 28 cm
336 _2rdacontent
_atexto
_btxt
337 _2rdamedia
_asin mediación
_bn
338 _2rdacarrier
_avolumen
_bnc
505 _aLa predicación. -- La meta de la predicación. -- Pasos para el desarrollo del sermón. -- Predicación concreta. -- La predicación y el culto.
563 _aRústico.
650 0 _954
_aPredicación
942 _cBK
945 _aJTF-925